Prácticas y residencias docentes : viejos problemas, ¿nuevos enfoques? /

Guardado en:
Autor Principal: Menghini, Raúl A.
Otros Autores: Negrin, Marta, comp.
Formato: Libro
Publicado: Bahía Blanca : Universidad Nacional del Sur, 2008
Series:Docencia
Materias:
Etiquetas: Agregar Etiqueta
Sin Etiquetas, Sea el primero en etiquetar este registro!
LEADER 02556nam a22002175a 4500
001 CEM.cems012961
008 130507s2008##################000#0#####d
005 20251106155041.0
245 1 0 |a Prácticas y residencias docentes :  |b viejos problemas, ¿nuevos enfoques? /  |c Compilado Por Raúl A. Menghini, Marta Negrin 
260 |a Bahía Blanca :  |b Universidad Nacional del Sur,  |c 2008 
300 |a 184 p. 
490 0 |a Docencia 
505 0 |a Nuevos y viejos debates sobre prácticas y residencias en la formación de docentes -- Prácticas y residencias docentes: viejos, problemas nuevos enfoques / Susana Barco -- Políticas educativas, curriculum y prácticas en la formación de docentes -- Políticas para la formación de docentes y prácticas institucionales en la transformación educativa / María Rosa Misuraca -- Espacio de la formación docente en la formación de maestras/os en la provincia de Buenos Aires / Mónica Insaurralde -- Los diseños curriculares de formación de docentes: su tematización como práctica / Laura Morales -- La evaluación de las prácticas docentes en la formación inicial -- Las prácticas de evaluación en el espacio de la Residencia: una mirada posible / Marcela Ickowicz -- Una reflexión acerca de nuestras prácticas como evaluadores / Viviana Sassi -- Evaluación de prácticas y residencias: algunas dimensiones de análisis / Raúl A. Menghini -- Las prácticas docentes y los diferentes niveles de la enseñanza -- Tiempos de práctica en el nivel inicial. Reflexiones y desafíos / Liliana Lauritti -- Reflexiones sobre formación y práctica docente en la E.G.B. 1 y 2 / Diana Zubimendi -- Didáctica y prácticas docentes en la educación superior / Ana María Malet -- Las prácticas docentes y las didácticas específicas -- Obstáculos que interfieren en la construcción del espacio de la práctica en el profesorado en Biología / Alicia Brunner -- Didáctica de la lengua y la literatura de enseñanza / Marta Negrin -- Las prácticas musicales / Leticia Molinari -- Jornadas Regionales de Práctica y Residencia Docente -- Otras voces, nuevas matrioshkas: tendencias, preocupaciones y alternativas en las prácticas y residencias docentes / Carolina Fernández Coria, Ana Clara Yasbizky 
020 |a 9789871171989 
100 1 |a Menghini, Raúl A. 
700 1 |a Negrin, Marta, comp. 
082 0 4 |a 370.7 
653 |a Educación 
653 |a Prácticas docentes 
859 |a CEMS  |b BIB. CEMS - 11 de abril  |h 370.7  |i M525  |p 25266.08  |t Ej.1 
859 |a CEMS  |b BIB. CEMS - 11 de abril  |h 370.7  |i M525  |p 30439.25  |t Ej.2